Normal view
MARC view
- جامعة فيلادلفيا؛ تحرير وتقديم صالح خليل أبو اصبع... وآخرون
Entry Personal Name
001 - CONTROL NUMBER
- control field: 45980
003 - CONTROL NUMBER IDENTIFIER
- control field: JO-AjAnu
005 - DATE AND TIME OF LATEST TRANSACTION
- control field: 20230606081613.0
008 - FIXED-LENGTH DATA ELEMENTS
- fixed length control field: 230606|| aca||aabn | a|a d
040 ## - CATALOGING SOURCE
- Original cataloging agency: JO-AjAnu
- Transcribing agency: JO-AjAnu
100 ## - HEADING--PERSONAL NAME
- Personal name: جامعة فيلادلفيا؛ تحرير وتقديم صالح خليل أبو اصبع... وآخرون
670 ## - SOURCE DATA FOUND
- Source citation: Work cat.: (JO-AjAnu)23539: جامعة فيلادلفيا؛ تحرير وتقديم صالح خليل أبو اصبع... وآخرون, author, االشباب والسياسة والثورات وثقافة التغيير: أوراق مؤتمر فيلادلفيا الدلي السابع عشر: ثقافة التغيير 6-8 تشرين الثاني(نوفمبر) 2012: بحوث علمية محكمة